000 00546nam a22001937a 4500
003 OSt
005 20160722144854.0
008 160722b xxu||||| |||| 00| 0 eng d
020 _a0702025380
040 _cDNLM.
082 _aWC100C615a 2002.
100 _aMcmillan,Alexander;[et...al];
_910364
245 _aClinical practice in Sexually Transmissible Infections:
260 _aLondon.
_bSaunders,
_c2002.
300 _a591p;
_bcol,ill;
_c28cm.
504 _areferences and index are included.
650 _aSTDs.
_910365
942 _2z
_cO_SHELF
999 _c4829
_d4829